000 01131nam a2200313 a 4500
001 000110913
003 CHAP
005 20220329144150.0
008 141021s2014 mx sm |||||||spa d
010 _a107375
011 _a108347
040 _cCHAP
090 _aTesis
100 1 _aRomero Escobedo, Silvia Yazareth
_9128662
245 1 0 _aRelaciones del rendimiento de fruto con sus componentes directos de zarzamora
_h[En línea]
_cpor Silvia Yazareth Romero Escobedo.
260 _aChapingo, Méx. :
_bEl autor,
_c2014.
500 _aPara ver el contenido del material haga clic en la liga
502 _aTesis (Ing. Agr. Esp. en Horticultura Protegida) -- UACH. Departamento Fitotecnia
590 _aE11695DGD
_b10
_c20141024
_lUCH01
_h0812
590 _aE11695DGD
_b10
_c20141122
_lUCH01
_h1423
590 _aE5765TAJ
_b05
_c20141021
_lUCH01
_h1101
650 1 4 _aZarzamora
_xAnálisis.
_9123731
650 1 4 _aZarzamora
_xCrecimiento.
_9123733
650 1 4 _aZarzamora
_xRendimiento.
_9123746
856 _aFinding aid
_uhttp://10.13.5.2/tesis/sist110913.pdf
_zTeclea aquí
901 _aBK
942 _cTESIS
942 _n0
999 _c107375
_d107375